[Event "Dos Hermanas op 3rd"]
[Site "Dos Hermanas"]
[Date "2002.04.12"]
[Round "8"]
[White "Nuevo Perez, Antonio"]
[Black "Ivanov, Jordan"]
[Result "1-0"]
[WhiteElo "2169"]
[BlackElo "2410"]
[PlyCount "121"]
[EventDate "2002.04.05"]
[EventType "swiss"]
[EventRounds "9"]
[EventCountry "ESP"]
[SourceTitle "CBM 087 Extra"]
[Source "ChessBase"]
[SourceDate "2002.05.03"]
[SourceVersion "2"]
[SourceVersionDate "2002.08.09"]
[SourceQuality "1"]

1. e4 c5 2. c3 d5 3. exd5 Qxd5 4. Nf3 Nf6 5. d4 e6 6. Na3 Nc6 7. Nb5 Qd8 8. dxc5 Bxc5 9. Qxd8+ Kxd8 10. Bf4 Nd5 11. Bd6 Bxd6 12. Nxd6 Ke7 13. Nxc8+ Rhxc8 14. g3 a6 15. Bg2 b5 16. Rd1 Rab8 17. Nd4 Nxd4 18. Bxd5 Nc2+ 19. Kd2 Nb4 20. Bxe6 fxe6 21. cxb4 Rc4 22. Ke3 Rxb4 23. b3 a5 24. f3 a4 25. Rd3 Rc8 26. Kd2 g5 27. Re1 h5 28. Re5 Kf6 29. Ree3 Rc6 30. Kd1 g4 31. f4 Rc5 32. Kd2 axb3 33. axb3 e5 34. fxe5+ Rxe5 35. Kc3 Rbe4 36. Rxe4 Rxe4 37. Rd5 Re3+ 38. Kb4 h4 39. gxh4 Rh3 40. Rd2 Ke5 41. Rg2 Kf4 42. Rb2 Ke3 43. Kxb5 Kd3 44. b4 Rxh4 45. Ka5 Kc4 46. b5 Rh3 47. Rc2+ Kd5 48. Ka6 Kd6 49. b6 Ra3+ 50. Kb7 g3 51. hxg3 Rxg3 52. Ka7 Ra3+ 53. Kb8 Kd7 54. b7 Ra1 55. Rd2+ Ke7 56. Rd4 Ra2 57. Kc7 Rc2+ 58. Kb6 Rb2+ 59. Kc6 Ke6 60. Re4+ Kf7 61. Rc4 1-0

[Event "Coria del Rio op 8th"]
[Site "Coria del Rio"]
[Date "2002.02.21"]
[Round "8"]
[White "Nuevo Perez, Antonio"]
[Black "Fernandez Romero, Ernesto"]
[Result "0-1"]
[WhiteElo "2169"]
[BlackElo "2347"]
[PlyCount "66"]
[EventDate "2002.02.13"]
[EventType "swiss"]
[EventRounds "9"]
[EventCountry "ESP"]
[SourceTitle "CBM 086 Extra"]
[Source "ChessBase"]
[SourceDate "2002.03.14"]
[SourceVersion "1"]
[SourceVersionDate "2002.03.14"]
[SourceQuality "1"]

1. e4 e6 2. d4 d5 3. Nd2 c5 4. Ngf3 cxd4 5. Nxd4 Nc6 6. N4b3 dxe4 7. Nxe4 Qxd1+ 8. Kxd1 b6 9. Bb5 Bb7 10. Re1 0-0-0+ 11. Bd2 Nf6 12. Nxf6 gxf6 13. Kc1 Rg8 14. Bf1 h5 15. Re3 Ne5 16. f3 h4 17. h3 Kb8 18. Re1 Ng6 19. a4 Bd6 20. a5 Bf4 21. axb6 axb6 22. Ra4 e5 23. Re2 Bg3 24. c3 Rd6 25. Be3 Nf4 26. Rd2 Nd5 27. Bg1 Bf4 28. Rxf4 exf4 29. c4 Ba6 30. Rd1 Bxc4 31. Bxc4 Rc8 32. Nd2 b5 33. b3 Ne3 0-1

[Event "Coria del Rio op 8th"]
[Site "Coria del Rio"]
[Date "2002.02.15"]
[Round "3"]
[White "Pogorelov, Ruslan"]
[Black "Nuevo Perez, Antonio"]
[Result "1/2-1/2"]
[WhiteElo "2460"]
[BlackElo "2169"]
[PlyCount "124"]
[EventDate "2002.02.13"]
[EventType "swiss"]
[EventRounds "9"]
[EventCountry "ESP"]
[SourceTitle "CBM 086 Extra"]
[Source "ChessBase"]
[SourceDate "2002.03.14"]
[SourceVersion "1"]
[SourceVersionDate "2002.03.14"]
[SourceQuality "1"]

1. Nf3 d5 2. d4 c5 3. c4 cxd4 4. cxd5 Nf6 5. Qxd4 Qxd5 6. Nc3 Qxd4 7. Nxd4 a6 8. Bg5 Nbd7 9. g3 h6 10. Bd2 e5 11. Nc2 b5 12. Bg2 Rb8 13. Ne3 Nb6 14. Ne4 Nxe4 15. Bxe4 Bb7 16. Bxb7 Rxb7 17. Rc1 h5 18. 0-0 Rh6 19. Ba5 Rd6 20. b3 g6 21. Rc5 f6 22. Rfc1 Bh6 23. Rc6 Kd7 24. Rxd6+ Kxd6 25. Bb4+ Kd7 26. Rd1+ Ke8 27. Ba5 Bxe3 28. fxe3 Rd7 29. Rc1 Nd5 30. Rc8+ Kf7 31. Kf2 f5 32. Rc6 Nf6 33. Ke1 Ng4 34. Rxa6 Nxe3 35. Rc6 Rd1+ 36. Kf2 Ng4+ 37. Kg2 Ne3+ 38. Kf3 Nf1 39. h3 g5 40. e4 fxe4+ 41. Kxe4 Nxg3+ 42. Kxe5 Rh1 43. a4 bxa4 44. bxa4 Rxh3 45. Bd8 g4 46. Rc2 Nf1 47. a5 Ra3 48. Rf2+ Ke8 49. Bb6 Ra1 50. Ke6 Re1+ 51. Kd6 Ne3 52. Rf4 Rd1+ 53. Kc6 Nd5 54. Re4+ Kf7 55. Bc5 Ra1 56. Kxd5 Rxa5 57. Re7+ Kf6 58. Re1 Kf5 59. Kd4 Kf4 60. Rf1+ Kg3 61. Rf5 Ra4+ 62. Ke3 h4 1/2-1/2

[Event "Dos Hermanas FM Elo"]
[Site "Dos Hermanas"]
[Date "2001.04.23"]
[Round "5"]
[White "Nuevo Perez, Antonio"]
[Black "Jimenez Alonso, Julio"]
[Result "1/2-1/2"]
[WhiteElo "2240"]
[BlackElo "2042"]
[PlyCount "55"]
[EventDate "2001.04.19"]
[EventType "tourn"]
[EventRounds "9"]
[EventCountry "ESP"]
[SourceTitle "EXT 2002"]
[Source "ChessBase"]
[SourceDate "2001.11.25"]
[SourceVersion "1"]
[SourceVersionDate "2001.11.25"]
[SourceQuality "1"]

1. e4 c5 2. c3 d5 3. exd5 Qxd5 4. Nf3 Nf6 5. d4 e6 6. Na3 Qd8 7. Nc2 Nc6 8. Bd3 cxd4 9. Nfxd4 Nxd4 10. Nxd4 Be7 11. 0-0 0-0 12. Qe2 a6 13. Bg5 Qc7 14. Rfe1 Rd8 15. Rad1 h6 16. Bh4 Qf4 17. Bg3 Qg5 18. Be5 Ng4 19. Bc7 Rd7 20. Bg3 Nf6 21. Nf3 Qc5 22. Ne5 Rd8 23. Qf3 Bd6 24. b4 Qc7 25. a3 Bd7 26. c4 Bc6 27. Nxc6 bxc6 28. Bc2 1/2-1/2

[Event "Dos Hermanas FM Elo"]
[Site "Dos Hermanas"]
[Date "2001.04.20"]
[Round "2"]
[White "Torres Maesso, Pedro"]
[Black "Nuevo Perez, Antonio"]
[Result "1-0"]
[WhiteElo "2113"]
[BlackElo "2255"]
[PlyCount "68"]
[EventDate "2001.04.19"]
[EventType "tourn"]
[EventRounds "9"]
[EventCountry "ESP"]
[SourceTitle "EXT 2002"]
[Source "ChessBase"]
[SourceDate "2001.11.25"]
[SourceVersion "1"]
[SourceVersionDate "2001.11.25"]
[SourceQuality "1"]

1. c4 Nf6 2. Nc3 c5 3. g3 d5 4. cxd5 Nxd5 5. Bg2 Nc7 6. Qa4+ Bd7 7. Qb3 Nc6 8. Qxb7 Nd4 9. Kf1 e6 10. e3 Rb8 11. Qe4 f5 12. Qb1 Ndb5 13. Qc2 Be7 14. f4 0-0 15. Nf3 Nxc3 16. bxc3 Bc6 17. Kf2 c4 18. Rg1 Bd6 19. Bf1 Qd7 20. a4 Bd5 21. Ba3 Bxa3 22. Rxa3 Na6 23. Ne5 Qc7 24. d4 cxd3 25. Nxd3 Nc5 26. c4 Ne4+ 27. Kg2 Qxc4 28. Qxc4 Bxc4 29. Ne5 Bd5 30. Kh3 Nf2+ 31. Kh4 Rf6 32. g4 Rh6+ 33. Kg3 Ne4+ 34. Kf3 Rxh2 1-0

[Event "Coria del Rio op 7th"]
[Site "Coria del Rio"]
[Date "2001.02.22"]
[Round "9"]
[White "Garcia Martinez, Silvino"]
[Black "Nuevo Perez, Antonio"]
[Result "1/2-1/2"]
[WhiteElo "2371"]
[BlackElo "2255"]
[PlyCount "85"]
[EventDate "2001.02.14"]
[EventType "swiss"]
[EventRounds "9"]
[EventCountry "ESP"]
[SourceTitle "CBM 080 Extra"]
[Source "ChessBase"]
[SourceDate "2001.03.08"]
[SourceVersion "1"]
[SourceVersionDate "2001.03.08"]
[SourceQuality "1"]

1. e4 e5 2. Nf3 Nc6 3. Bb5 f5 4. Nc3 fxe4 5. Nxe4 Nf6 6. Qe2 d5 7. Nxf6+ gxf6 8. d4 Bg7 9. dxe5 0-0 10. Bxc6 bxc6 11. e6 Re8 12. 0-0 Bxe6 13. Nd4 Bc8 14. Qd3 Qd7 15. Nb3 Qf5 16. Be3 Qg6 17. Qxg6 hxg6 18. Rfe1 Bf5 19. c3 Bf8 20. Bf4 Bd6 21. Bxd6 cxd6 22. Na5 Bd7 23. b4 Rab8 24. Nb3 Kf7 25. f3 Rbc8 26. Rxe8 Bxe8 27. Rd1 Bd7 28. Kf2 Be6 29. Rd4 Bf5 30. Rd2 Be6 31. Rd4 Bf5 32. g4 Bb1 33. Rd2 g5 34. Nd4 a6 35. Rb2 Bd3 36. Kg3 Bb5 37. Rd2 Bc4 38. Nf5 Rd8 39. h4 gxh4+ 40. Kxh4 c5 41. bxc5 dxc5 42. Ne3 Bb5 43. Rxd5 1/2-1/2

[Event "Seville op 26th"]
[Site "Seville"]
[Date "2001.01.17"]
[Round "6"]
[White "Alonso, Salvador"]
[Black "Nuevo Perez, Antonio"]
[Result "1-0"]
[WhiteElo "2429"]
[BlackElo "2255"]
[PlyCount "131"]
[EventDate "2001.01.12"]
[EventType "swiss"]
[EventRounds "9"]
[EventCountry "ESP"]
[SourceTitle "CBM 080 Extra"]
[Source "ChessBase"]
[SourceDate "2001.03.08"]
[SourceVersion "1"]
[SourceVersionDate "2001.03.08"]
[SourceQuality "1"]

1. e4 e5 2. Nf3 Nc6 3. d4 exd4 4. Nxd4 Nf6 5. Nc3 Bb4 6. Nxc6 bxc6 7. Bd3 d5 8. e5 Ng4 9. Bf4 f6 10. e6 Bxe6 11. Qe2 Ne5 12. Bxe5 fxe5 13. Qxe5 Qf6 14. Qxf6 gxf6 15. 0-0-0 Kf7 16. Ne2 Rhg8 17. Nf4 Bg4 18. f3 Bd6 19. fxg4 Bxf4+ 20. Kb1 h6 21. Bf5 Ke7 22. Rd3 Kd6 23. Rhd1 Rae8 24. c4 Re5 25. Rf3 Be3 26. h3 Rb8 27. Bc2 Ke7 28. Bb3 d4 29. Bc2 c5 30. Bd3 Bg5 31. g3 Rb6 32. Kc2 Rbe6 33. h4 Be3 34. Rdf1 Rb6 35. Rf5 Rbe6 36. Rxe5 Rxe5 37. Bf5 Kf7 38. Kd3 Ke7 39. Be4 Ke6 40. Bd5+ Ke7 41. b3 h5 42. gxh5 Rxh5 43. b4 Rh8 44. b5 Rh7 45. Be4 Rh5 46. Bf5 Rh8 47. Be4 Rg8 48. Rf3 Rg7 49. a4 Bg1 50. h5 Be3 51. Bg6 Bg1 52. Ke4 Rg8 53. Rf5 d3 54. Rd5 d2 55. Rxd2 Bd4 56. Kf5 Rd8 57. h6 Kf8 58. g4 Kg8 59. Rd3 Kh8 60. Ke4 Rg8 61. Bf5 Re8+ 62. Kd5 Re1 63. a5 Rh1 64. h7 Re1 65. Kc6 Re7 66. Kb7 1-0

[Event "Malaga op 3rd"]
[Site "Malaga"]
[Date "2000.02.29"]
[Round "5"]
[White "Chatalbashev, Boris"]
[Black "Nuevo Perez, Antonio"]
[Result "1-0"]
[WhiteElo "2522"]
[BlackElo "2195"]
[PlyCount "49"]
[EventDate "2000.02.25"]
[EventType "swiss"]
[EventRounds "9"]
[EventCountry "ESP"]
[SourceTitle "CBM 074 Extra"]
[Source "ChessBase"]
[SourceDate "2000.03.10"]
[SourceVersion "2"]
[SourceVersionDate "2000.03.10"]
[SourceQuality "1"]

1. d4 Nf6 2. c4 c5 3. d5 a6 4. Nf3 b5 5. g3 d6 6. Bg2 e5 7. dxe6 fxe6 8. 0-0 bxc4 9. e4 e5 10. Nc3 Nc6 11. Bg5 Be6 12. Bxf6 gxf6 13. Nd5 Nb4 14. Nh4 Nxd5 15. exd5 Bf7 16. f4 Ra7 17. fxe5 fxe5 18. Bh3 Qb8 19. Be6 Bxe6 20. dxe6 Qc8 21. Qh5+ Kd8 22. Ng6 Qxe6 23. Nxh8 Bg7 24. Nf7+ Kc8 25. Qxh7 1-0

[Event "Seville op 25th"]
[Site "Seville"]
[Date "2000.??.??"]
[Round "9"]
[White "Magem Badals, Jordi"]
[Black "Nuevo Perez, Antonio"]
[Result "0-1"]
[WhiteElo "2529"]
[BlackElo "2195"]
[PlyCount "54"]
[EventDate "2000.01.??"]
[EventType "swiss"]
[EventRounds "9"]
[EventCountry "ESP"]
[SourceTitle "EXT 2001"]
[Source "ChessBase"]
[SourceDate "2000.11.22"]
[SourceVersion "1"]
[SourceVersionDate "2000.11.22"]
[SourceQuality "1"]

1. e4 e6 2. d3 d5 3. Qe2 dxe4 4. dxe4 e5 5. Nf3 Nc6 6. c3 a5 7. Qc2 Bc5 8. Bb5 Qe7 9. Nbd2 Bxf2+ 10. Ke2 Ba7 11. Nc4 Qc5 12. a4 Be6 13. Ne3 Nf6 14. Ng5 Bd7 15. Qb3 0-0 16. Bc4 Nd8 17. Rf1 h6 18. Rxf6 gxf6 19. Nf3 Ne6 20. Bd2 Nf4+ 21. Kd1 Rad8 22. Kc2 Be6 23. Bxe6 fxe6 24. Re1 Qc6 25. Ng4 h5 26. Nh6+ Kh7 27. g3 Bf2 0-1

[Event "Andalucia-ch"]
[Site "Granada"]
[Date "1991.??.??"]
[Round "5"]
[White "Navarro, Pedro"]
[Black "Nuevo Perez, Antonio"]
[Result "0-1"]
[WhiteElo "2185"]
[BlackElo "2250"]
[PlyCount "100"]
[EventDate "1991.??.??"]
[EventType "swiss"]
[EventRounds "7"]
[EventCountry "ESP"]
[SourceTitle "EXT 2000"]
[Source "ChessBase"]
[SourceDate "1999.11.16"]
[SourceVersion "1"]
[SourceVersionDate "1999.11.16"]
[SourceQuality "1"]

1. d4 Nf6 2. c4 g6 3. Nc3 d5 4. cxd5 Nxd5 5. e4 Nxc3 6. bxc3 Bg7 7. Nf3 c5 8. Rb1 0-0 9. Be2 cxd4 10. cxd4 Qa5+ 11. Bd2 Qxa2 12. 0-0 Qe6 13. Bd3 b6 14. d5 Qd7 15. Bb5 Qd8 16. Qc1 Ba6 17. Bh6 Bxb5 18. Bxg7 Kxg7 19. Rxb5 Nd7 20. Qb2+ Kg8 21. Rb3 Nf6 22. Re1 Rc8 23. Rd3 Nh5 24. Qd2 Kg7 25. e5 Rc4 26. Rd4 Rxd4 27. Nxd4 Qd7 28. Re3 Rc8 29. Rd3 Qg4 30. Ne2 Qe4 31. f4 Kg8 32. g4 Ng7 33. Rc3 Rxc3 34. Nxc3 Qf3 35. d6 Qxg4+ 36. Kf1 exd6 37. exd6 Ne6 38. Nd5 Qh3+ 39. Kg1 Qa3 40. d7 Qc5+ 41. Ne3 Qc7 42. f5 gxf5 43. Nxf5 Qc5+ 44. Ne3 Qg5+ 45. Kh1 b5 46. Qc3 b4 47. Qc8+ Kg7 48. h4 Qxe3 49. d8Q Nxd8 50. Qxd8 b3 0-1

[Event "Andalucia-chT"]
[Site "Granada"]
[Date "1991.??.??"]
[Round "5"]
[White "Nuevo Perez, Antonio"]
[Black "Domingo Garcia, Jordi"]
[Result "1-0"]
[WhiteElo "2250"]
[BlackElo "2165"]
[PlyCount "107"]
[EventDate "1991.??.??"]
[EventType "team"]
[EventRounds "9"]
[EventCountry "ESP"]
[SourceTitle "EXT 2000"]
[Source "ChessBase"]
[SourceDate "1999.11.16"]
[SourceVersion "1"]
[SourceVersionDate "1999.11.16"]
[SourceQuality "1"]

1. c4 g6 2. Nc3 Nf6 3. g3 d5 4. cxd5 Nxd5 5. Bg2 Nb6 6. Nf3 Bg7 7. 0-0 0-0 8. d3 Nc6 9. Be3 e5 10. Rc1 h6 11. a3 f5 12. b4 Be6 13. Na4 Nxa4 14. Qxa4 Nd4 15. Nxd4 exd4 16. Bd2 c6 17. b5 cxb5 18. Qxb5 Rf7 19. Bxb7 Rb8 20. Qa6 Rbxb7 21. Qxe6 Kh7 22. Rc8 Qe7 23. Qxe7 Rfxe7 24. Re1 Rb2 25. Bb4 Rf7 26. Rec1 Be5 27. f4 Bf6 28. R1c7 Rxc7 29. Rxc7+ Kg8 30. Kf2 g5 31. Rxa7 gxf4 32. gxf4 Bh4+ 33. Kf3 Rb1 34. Be7 Be1 35. Bf6 Bc3 36. Be5 Rf1+ 37. Kg2 Re1 38. Kf2 Rh1 39. Rd7 Rxh2+ 40. Kf1 Rh1+ 41. Kg2 Re1 42. Kf2 Ra1 43. Bxd4 Be1+ 44. Kf3 Rxa3 45. Rd5 Ra4 46. Be3 Kf7 47. Rxf5+ Kg6 48. Rf8 Bc3 49. Bf2 Ra1 50. e4 Rd1 51. Re8 h5 52. e5 Rf1 53. Rg8+ Kf7 54. Rg1 1-0

[Event "Andalucia-ch"]
[Site "Granada"]
[Date "1991.??.??"]
[Round "4"]
[White "Nuevo Perez, Antonio"]
[Black "Fernandez Siles, Luis"]
[Result "0-1"]
[WhiteElo "2250"]
[BlackElo "2200"]
[PlyCount "84"]
[EventDate "1991.??.??"]
[EventType "swiss"]
[EventRounds "7"]
[EventCountry "ESP"]
[SourceTitle "EXT 2000"]
[Source "ChessBase"]
[SourceDate "1999.11.16"]
[SourceVersion "1"]
[SourceVersionDate "1999.11.16"]
[SourceQuality "1"]

1. Nf3 g6 2. d4 f5 3. c4 Nf6 4. Nc3 Bg7 5. g3 0-0 6. Bg2 d6 7. 0-0 Qe8 8. Nd5 Nxd5 9. cxd5 c6 10. dxc6 bxc6 11. Rb1 Be6 12. Qa4 h6 13. Rd1 Qf7 14. b3 Bd5 15. Bb2 Nd7 16. Ne1 Nb6 17. Bxd5 Qxd5 18. Qa6 f4 19. Qd3 Qh5 20. Qe4 Nd5 21. Ng2 g5 22. Rd3 fxg3 23. Rxg3 Rf6 24. f3 e6 25. Ne3 Re8 26. Ng4 Rf4 27. Qc2 Ne7 28. e3 Rff8 29. e4 Ng6 30. Rf1 Nf4 31. Kh1 Rc8 32. Qd2 Qg6 33. Rfg1 Rc7 34. e5 d5 35. h4 Qh5 36. Qh2 Kf7 37. hxg5 Qxh2+ 38. Kxh2 hxg5 39. Re1 c5 40. dxc5 Rxc5 41. Rc1 Rh8+ 42. Kg1 Ne2+ 0-1

[Event "Andalucia-ch"]
[Site "Granada"]
[Date "1991.??.??"]
[Round "3"]
[White "Oliva Lobato, Pedro A"]
[Black "Nuevo Perez, Antonio"]
[Result "1-0"]
[WhiteElo "2225"]
[BlackElo "2250"]
[PlyCount "103"]
[EventDate "1991.??.??"]
[EventType "swiss"]
[EventRounds "7"]
[EventCountry "ESP"]
[SourceTitle "EXT 2000"]
[Source "ChessBase"]
[SourceDate "1999.11.16"]
[SourceVersion "1"]
[SourceVersionDate "1999.11.16"]
[SourceQuality "1"]

1. d4 Nf6 2. c4 c6 3. Nf3 d5 4. Nc3 e6 5. e3 Nbd7 6. Bd3 Be7 7. 0-0 0-0 8. Qe2 b6 9. e4 dxe4 10. Nxe4 Bb7 11. Bf4 Nxe4 12. Bxe4 Nf6 13. Bc2 c5 14. Rad1 Qe8 15. Rfe1 cxd4 16. Nxd4 Bc5 17. Be5 Qe7 18. a3 Rad8 19. b4 Bd6 20. Nf5 exf5 21. Bxd6 Qxe2 22. Rxe2 Rfe8 23. Rxe8+ Nxe8 24. Be5 Rxd1+ 25. Bxd1 Kf8 26. Bb8 a6 27. Be2 Bc6 28. f3 b5 29. Kf2 Ke7 30. Ke3 Nf6 31. Be5 Nd7 32. Bxg7 Nb6 33. cxb5 Bxb5 34. Bxb5 axb5 35. Kd4 Kd6 36. h4 Nd5 37. h5 f4 38. Be5+ Ke6 39. Bb8 f6 40. Kc5 Ne3 41. Bxf4 Nxg2 42. Bb8 Ne1 43. Kxb5 Nxf3 44. a4 Kd7 45. Kc5 Ng5 46. b5 Kc8 47. Bh2 Kb7 48. a5 Ne6+ 49. Kd5 Ng5 50. a6+ Kb6 51. Bg1+ Kc7 52. b6+ 1-0